Optimización de la cadena de suministro militar para mejorar la logística de las tropas en las operaciones de seguridad de la 4ta Brigada de Infantería / (Registro nro. 8740)

Detalles MARC
000 -CABECERA
campo de control de longitud fija 01971nam a2200265 4500
003 - IDENTIFICADOR DEL NÚMERO DE CONTROL
campo de control DO-SdBJH
005 - FECHA Y HORA DE LA ÚLTIMA TRANSACCIÓN
campo de control 20260701203855.0
008 - DATOS DE LONGITUD FIJA--INFORMACIÓN GENERAL
campo de control de longitud fija 260701b2025 |||o|||| |||| 00| 0 spa d
040 ## - FUENTE DE LA CATALOGACIÓN
Centro catalogador/agencia de origen DO-SdBJH
Lengua de catalogación spa
Centro/agencia transcriptor DO-SdBJH
041 0# - CÓDIGO DE LENGUA
Código de lengua del texto/banda sonora o título independiente spa
090 ## - LOCALMENTE ASIGNADO TIPO-LC NÚMERO DE CLASIFICACIÓN (OCLC); NÚMERO DE CLASIFICACIÓN LOCAL (RLIN)
Número de clasificación (OCLC) (R) ; Numero de clasificación, CALL (RLIN) (NR) CT CM-0009
Número cutter local (OCLC) ; Número de libro/Signatura topográfica íntegra, CALL (RLIN) AMBC 2025
100 1# - ENTRADA PRINCIPAL--NOMBRE DE PERSONA
Nombre de persona Santos Jiménez, Breidy
Término indicativo de función/relación sustentante
245 10 - MENCIÓN DE TÍTULO
Título Optimización de la cadena de suministro militar para mejorar la logística de las tropas en las operaciones de seguridad de la 4ta Brigada de Infantería /
Mención de responsabilidad, etc. Breidy Santos Jiménez, Wester Segura Domínguez ; asesor de contenido Pedro Reyes Calderón ; asesor metodológico Reynaldo Cruz Camacho.
260 ## - PUBLICACIÓN, DISTRIBUCIÓN, ETC.
Lugar de publicación, distribución, etc. Santo Domingo, República Dominicana :
Nombre del editor, distribuidor, etc. UNADE,
Fecha de publicación, distribución, etc. 2025.
300 ## - DESCRIPCIÓN FÍSICA
Extensión xiv, 57, [04] páginas :
Otras características físicas fotografías.
502 ## - NOTA DE TESIS
Nota de tesis Tesis y trabajos de grado (Licenciatura en Ciencias Militares)--Universidad Nacional para la Defensa "General Juan Pablo Duarte y Díez", Academia Militar "Batalla de las Carreras", Santo Domingo, 2025.
504 ## - NOTA DE BIBLIOGRAFÍA, ETC.
Nota de bibliografía, etc. Incluye referencias bibliográficas y anexos.
505 ## - NOTA DE CONTENIDO CON FORMATO
Nota de contenido con formato Diagnóstico de limitaciones estructurales, operativas y administrativas en la cadena de suministro de la 4ta Brigada de infantería -- Análisis de modelos y estrategias de optimización logística aplicables al contexto militar fronterizo Dominico-Haitiano -- Propuesta de optimización integral de la cadena de suministro militar para fortalecer la eficiencia logística operativa de la 4ta Brigada de Infantería, ERD.
650 #7 - PUNTO DE ACCESO ADICIONAL DE MATERIA--TÉRMINO DE MATERIA
Fuente del encabezamiento o término lemb
Término de materia o nombre geográfico como elemento de entrada Logística militar
Subdivisión de forma Tesis y disertaciones académicas
Subdivisión general Cadena de suministro
-- Administración logística
Subdivisión geográfica República Dominicana
650 #7 - PUNTO DE ACCESO ADICIONAL DE MATERIA--TÉRMINO DE MATERIA
Fuente del encabezamiento o término lemb
Término de materia o nombre geográfico como elemento de entrada Abastecimiento militar
Subdivisión de forma Tesis y disertaciones académicas
Subdivisión general Planificación logística
-- Operaciones militares
Subdivisión geográfica Frontera dominico-haitiana
700 1# - PUNTO DE ACCESO ADICIONAL--NOMBRE DE PERSONA
Nombre de persona Segura Domínguez, Wester
Término indicativo de función/relación sustentante
700 1# - PUNTO DE ACCESO ADICIONAL--NOMBRE DE PERSONA
Nombre de persona Reyes Calderón, Pedro
Término indicativo de función/relación asesor de contenido
700 1# - PUNTO DE ACCESO ADICIONAL--NOMBRE DE PERSONA
Nombre de persona Cruz Camacho, Reynaldo
Término indicativo de función/relación asesor metodológico
942 ## - ELEMENTOS DE PUNTO DE ACCESO ADICIONAL (KOHA)
Fuente del sistema de clasificación o colocación Clasificación Local
Tipo de ítem Koha Tesis
Existencias
Estado de retiro Estado de pérdida Fuente del sistema de clasificación o colocación Estado dañado No para préstamo Código de colección Localización permanente Ubicación/localización actual Ubicación en estantería Fecha de adquisición Número de inventario Total de préstamos Signatura topográfica completa Código de barras Fecha visto por última vez Número de copia Precio válido a partir de Tipo de ítem Koha
    Clasificación Local     Trabajos de Grado e Investigción SIBM UNADE - Biblioteca Sede Central SIBM UNADE - Biblioteca Sede Central En estantería 07/01/2026 25-02587   CT CM-0009 AMBC 2025 25-02587 07/01/2026 e.1 07/01/2026 Tesis
© Copyright 2016. Universidad Nacional para la Defensa.Todos los derechos reservados.

 

Designed & Maintained by: https://www.sibdweb.com.do
Sistema de Información & Bibliotecas (SIBD). Contact: pbrito2005@gmail.com